Optimalizácia spínacieho prvku stykača

Uložené v:
Podrobná bibliografia
Hlavný autor: Mokrý, Milan (Autor)
Ďalší autori: Šulko, Miroslav (Vedúci práce)
Médium: Rukopis Kniha
Jazyk:Slovak
Vydavateľské údaje: 2016
Predmet:
On-line prístup:http://is.stuba.sk/zp/portal_zp.pl?podrobnosti=108402
Tagy: Pridať tag
Žiadne tagy, Buďte prvý, kto otaguje tento záznam!

MARC

LEADER 00000ntm a22000003a 4500
001 stuzp59329
003 SK-STU
005 20160719155826.2
007 ta
008 150427s2015----xo-----f-mn---000-0-slo-d
040 |a STU  |b slo 
041 0 |a slo 
100 1 |a Mokrý, Milan  |u 020010  |4 aut  |U SjF Strojnícka fakulta  |T SjF Ústav aplikovanej mechaniky a mechatroniky  |X 63066  |U J0010  |Y 801  |7 63066 
242 0 1 |a Optimalization of switch element of a contactor.  |y eng 
245 1 0 |a Optimalizácia spínacieho prvku stykača 
260 |c 2016 
650 4 |a únava materiálu  |2 slo 
650 4 |a metóda konečných prvkov  |2 slo 
650 4 |a Stýkač  |2 slo 
650 4 |a finite element method  |2 eng 
650 4 |a contactor  |2 eng 
650 4 |a fatigue of material  |2 eng 
700 1 |a Šulko, Miroslav  |u 020010  |k Z1  |4 ths  |U SjF Strojnícka fakulta  |T SjF Ústav aplikovanej mechaniky a mechatroniky  |X 2207  |U J0010  |Y 801  |7 A000002207 
856 4 |u http://is.stuba.sk/zp/portal_zp.pl?podrobnosti=108402 
SQL |a stuzp59329  |b DBP  |c SLO  |d Optimalizácia spínacieho prvku stykača  |e 63066  |f Mokrý, Milan  |g 020010  |h 2207  |i Šulko, Miroslav  |j 20160614  |k 645  |l 02  |m http://is.stuba.sk/zp/portal_zp.pl?podrobnosti=108402  |n B-AMAM  |o 5.1.7. aplikovaná mechanika, 5.2.16. mechatronika